00482nam a2200193 a 4500001001300000003000900013005001700022008004100039020001000080082001500090100001700105245002800122260004100150300000900191500003500200505001000235650002600245700001700271nice12345678IN_TiNIC20260116011529.0050524s1963 lona grp 000 0 eng  ac10000a230.1bKEL aKelly, J N D aEarly Christian Creeds. aLondonbLongmans, Green and Coc1963 a446p aincludes index and biblioraphy2 aIndex aTheology-Early Church1 aKelly, J N D